Statystyki dla 25 najludniejszych miast w Meksyku

Kliknij tutaj aby rozwiązać quiz!

Ogólne statystyki

  • Ten quiz został rozwiązany 18 razy
  • Średni wynik to 6 z 25

Statystyki odpowiedzi

Nr.Liczba ludnościMiasto% Poprawnych
1.9,209,944Meksyk
100%
8.1,385,629Guadalajara
89%
9.1,142,994Monterrey
83%
2.1,922,523Tijuana
56%
24.779,566Acapulco
50%
3.1,721,215Leon
50%
16.937,674Chihuahua
44%
14.995,129Merida
44%
4.1,692,181Puebla
28%
6.1,512,450Juarez
17%
5.1,645,352Ecatepec
11%
17.936,263Hermosillo
11%
22.849,053Morelia
11%
18.911,908San Luis Potosi
11%
15.948,990Aguascalientes
6%
13.1,003,530Culiacan
6%
11.1,049,792Mexicali
6%
21.879,958Saltillo
6%
20.910,608Toluca
6%
19.911,503Benito Juarez
0%
23.834,434Naucalpan
0%
10.1,077,208Nezahualcóyotl
0%
12.1,049,777Quetetaro
0%
25.727,750Tlajomulco
0%
7.1,476,491Zapopan
0%

Rozkład punktacji

Percentyl według liczby udzielonych odpowiedzi

Procent ludzi z każdym wynikiem

Twoja historia wyników

Nie rozwiązałeś tego quizu